000
00309nam a22001457a 4500
008
230517b ||||| |||| 00| 0 eng d
020
_a
9780787627997
041
_a
eng
080
_a
030
082
_a
030SAA
100
_a
44
101
_a
SS
245
_a
GREAT MISADVENTURES
_c
SAARI.P
942
_2
udc
_c
BK
999
_c
59754
_d
59754